书目信息 |
| 题名: |
西方霸主梦
|
|
| 作者: | 赵来文 , 赵来文 著 | |
| 分册: | ||
| 出版信息: | 长春 吉林人民出版社 2005 |
|
| 页数: | 327页 | |
| 开本: | 21cm | |
| 丛书名: | 当代资本主义研究丛书 | |
| 单 册: | ||
| 中图分类: | D509 | |
| 科图分类: | ||
| 主题词: | 政治--概况--美国 , 经济--概况--美国 , 国际政治 , 经济 | |
| 电子资源: | ||
| ISBN: | 7-206-02939-6 | |
| 000 | 01039oam2 2200337 45 | |
| 001 | 012006041501 | |
| 005 | 20070106153714.04 | |
| 010 | @a7-206-02939-6@dCNY25.60 | |
| 092 | @aCN@b475004 | |
| 100 | @a20060415d2005 em y0chiy0121 ea | |
| 101 | 0 | @achi |
| 102 | @aCN@b220000 | |
| 105 | @ay z 000yy | |
| 200 | 1 | @a西方霸主梦@9xi fang ba zhu meng@e步履维艰的美利坚@f赵来文著@Fzhao lai wen zhu |
| 205 | @a2版 | |
| 210 | @a长春@c吉林人民出版社@d2005 | |
| 215 | @a327页@d21cm | |
| 225 | 2 | @a当代资本主义研究丛书 |
| 320 | @a有书目 | |
| 330 | @a本书主要内容:历史的回眸;追求“世界模式”的政治;充当“世界宪兵”的军事;面向21世纪的美中关系等。 | |
| 461 | 0 | @12001 @a当代资本主义研究丛书 |
| 517 | 1 | @a步履维艰的美利坚@9bu lu^ wei jian de mei li jian |
| 606 | 0 | @a政治@x概况@y美国 |
| 606 | 0 | @a经济@x概况@y美国 |
| 606 | 0 | @a国际政治 |
| 606 | 0 | @a经济 |
| 690 | @aD509@v4 | |
| 701 | 0 | @a赵来文@9zhao lai wen@4著 |
| 701 | 0 | @a赵来文@Azhao lai wen@4著 |
| 801 | 0 | @aCN@bLZJBOOK@c20070106 |
| 905 | @a10447@dD509@e79:3=2 | |
| 西方霸主梦:步履维艰的美利坚/赵来文著.-2版.-长春:吉林人民出版社,2005 |
| 327页;21cm.-(当代资本主义研究丛书) |
| ISBN 7-206-02939-6:CNY25.60 |
| 本书主要内容:历史的回眸;追求“世界模式”的政治;充当“世界宪兵”的军事;面向21世纪的美中关系等。 |
| ● |
| 相关链接 |
|
|
|
|
正题名:西方霸主梦
索取号:D509/79:3=2
 
预约/预借
| 序号 | 登录号 | 条形码 | 馆藏地/架位号 | 状态 | 备注 |
| 1 | 0559871 | 205598717 | 第一样本阅览室/ [索取号:D509/79:3=2] | 在馆 | |
| 2 | 0559872 | 205598726 | 第一借阅区/ [索取号:D509/79:3=2] | 在馆 | |
| 3 | 0559873 | 205598735 | 密集书库/ [索取号:D509/79:3=2] | 在馆 | |
| 4 | 0559874 | 205598744 | 密集书库/ [索取号:D509/79:3=2] | 在馆 | |
| 5 | 0559875 | 205598753 | 密集书库/ [索取号:D509/79:3=2] | 在馆 | |
| 6 | 0559876 | 205598762 | 第一借阅区/ [索取号:D509/79:3=2] | 在馆 | |
| 7 | 0559877 | 205598771 | 第一借阅区/ [索取号:D509/79:3=2] | 在馆 | |
| 8 | 0559878 | 205598780 | 密集书库/ [索取号:D509/79:3=2] | 在馆 |